Normal view
MARC view
- Authors Bashayreh,Mohammad Husseinواخرون,Mohammad Hussein Bashayreh (editor)
Entry Personal Name
001 - CONTROL NUMBER
- control field: 5626
003 - CONTROL NUMBER IDENTIFIER
- control field: JO-AjAnu
005 - DATE AND TIME OF LATEST TRANSACTION
- control field: 20230606071220.0
008 - FIXED-LENGTH DATA ELEMENTS
- fixed length control field: 230606|| aca||aabn | a|a d
040 ## - CATALOGING SOURCE
- Original cataloging agency: JO-AjAnu
- Transcribing agency: JO-AjAnu
100 ## - HEADING--PERSONAL NAME
- Personal name: Authors Bashayreh,Mohammad Husseinواخرون,Mohammad Hussein Bashayreh (editor)
670 ## - SOURCE DATA FOUND
- Source citation: Work cat.: (JO-AjAnu)2909: Authors Bashayreh,Mohammad Husseinواخرون,Mohammad Hussein Bashayreh (editor), author, Tuning Middle East and North Africa: Reference Point for the Design and Delivery of Degree Programmes in Law